00874cam a22002297a 4500003000500000005001700005008004100022010001000063011001000073035001000083040000900093082001500102100002800117245019300145260008600338300001100424650002900435650003800464650003700502710004700539710005800586CHAP20220817043406.0971013s1986 r 00010 d a74211 a75183 a84743 cCHAP a630.71bC300aCarmona Ruiz, Gildardo. 0aEstudio comparativo de la oferta y la demanda actual y potencial de profesores con el nivel de postgrado para las instituciones de educación agropecuaria superior en México (1983-1985) aMéxico, D.F. :bAsociación Mexicana de Educación Agrícola Superior,c1986 a160 P.14aCientíficos mexicanos.14aEducación agrícolazMéxico.14aEstudios de postgradoxMéxico.0 aColegio de Postgraduados. Chapingo, Méx.0 aConsejo Nacional de Ciencia y Tecnología. México.